000 00411nam a22001217a 4500
082 _a200 THE
100 _aSHEHRYAR AHMED KHAN NIAZI
_970130
245 _aTH-SOF-1268-INVESTIGATION AND IMPROVEMENT OF ANTI-CORROSION PERFORMANCE IN AUTOMOBILE BODIES
260 _aIslamabad
_bNUST College of EME
_c2016
650 _aMS-MECH-72 MSTHESIS
_970131
700 _aSupervisor Dr. Khalid Mahmood
_969858
942 _cCF
999 _c577163
_d577163